000 01041nam0a2200313 4500
001 RU\NLR\bibl\531146
005 20250609151410.0
010 _a5-8029-0323-6
_95000
021 _aRU
_b2004-31660
_91592
035 _a(NLR Aleph) 000523465
090 _a1307798
_c1307798
100 _a20040621d2003 |||y0rusy50 ca
101 0 _arus
102 _aRU
105 _aa |||||||||
200 1 _aДекоративные птицы в вашем доме
_f[Сост. Я.В. Немирович]
210 _aЧелябинск
_cАркаим
_d2003
215 _a319 с., [17] л. цв. ил.
_d21
225 1 _aДомашняя коллекция
606 0 _aДекоративные птицы
_xУход и содержание
_92220640
_3RU\NLR\auth\661333458
686 _aП687-4
702 1 _aНемирович
_bЯ. В.
_gЯн Васильевич
_4220
801 0 _aRU
_bNLR
_c20040621
_gPSBO
801 1 _aRU
_bNLR
_c20040621
830 _aсост. по кн.
942 _cBOOK
980 _aNB
980 _aNBR